|
|
|
|
| LEADER |
03946nam a22004695i 4500 |
| 001 |
978-94-007-1387-1 |
| 003 |
DE-He213 |
| 005 |
20151125211759.0 |
| 007 |
cr nn 008mamaa |
| 008 |
110401s2011 ne | s |||| 0|eng d |
| 020 |
|
|
|a 9789400713871
|9 978-94-007-1387-1
|
| 024 |
7 |
|
|a 10.1007/978-94-007-1387-1
|2 doi
|
| 040 |
|
|
|d GrThAP
|
| 050 |
|
4 |
|a TK7888.4
|
| 072 |
|
7 |
|a TJFC
|2 bicssc
|
| 072 |
|
7 |
|a TEC008010
|2 bisacsh
|
| 082 |
0 |
4 |
|a 621.3815
|2 23
|
| 100 |
1 |
|
|a Janssen, Erwin.
|e author.
|
| 245 |
1 |
0 |
|a Look-Ahead Based Sigma-Delta Modulation
|h [electronic resource] /
|c by Erwin Janssen, Arthur van Roermund.
|
| 264 |
|
1 |
|a Dordrecht :
|b Springer Netherlands,
|c 2011.
|
| 300 |
|
|
|a XII, 248 p.
|b online resource.
|
| 336 |
|
|
|a text
|b txt
|2 rdacontent
|
| 337 |
|
|
|a computer
|b c
|2 rdamedia
|
| 338 |
|
|
|a online resource
|b cr
|2 rdacarrier
|
| 347 |
|
|
|a text file
|b PDF
|2 rda
|
| 490 |
1 |
|
|a Analog Circuits and Signal Processing
|
| 505 |
0 |
|
|a 1. Introduction -- 2. Basics of sigma-delta modulation -- 3. Transient SDM performance -- 4. Noise-shaping quantizer model -- 5. Look-ahead sigma-delta modulation -- 6. Reducing the complexity of LA DD conversion -- 7. Trellis sigma-delta modulation -- 8. Efficient Trellis sigma-delta modulation -- 9. Pruned Tree sigma-delta modulation -- 10. Pruned Tree sigma-delta modulation for SA-CD -- 11. Comparison of look-ahead SDM techniques -- 12. Maximum SNR analysis -- 13. General Conclusions -- Appendix A: FFT calculations - coherent and power averaging -- Appendix B: Descriptions of the used Sigma-Delta Modulators.
|
| 520 |
|
|
|a High resolution analog-to-digital conversion and digital-to-analog conversion is often realized with the use of a Sigma-Delta Modulator (SDM). The sigma-delta modulation process, although very non-linear when a 1-bit quantizer is used, is nowadays well understood and can be made to deliver a very high signal conversion quality. An example system that pushes the traditional sigma-delta modulation algorithm to its performance limit is the Super Audio CD (SA-CD) standard, in which a 64 times oversampled 1-bit signal is used to represent audio content with an SNR of up to 120~dB over 20~kHz bandwidth. Look-Ahead Based Sigma-Delta Modulation presents a number of alternative digital sigma-delta modulation techniques that make use of look-ahead, a process that takes into account the effect of decisions on the future, to realize an even higher conversion quality than possible with traditional sigma-delta modulation. This book provides the reader with a clear overview of various encoding techniques and demonstrates the improvements in signal conversion quality that can be obtained from their use. Starting from the basic full look-ahead approach that requires several orders of magnitude more computational power than a normal SDM, more efficient structures are derived that are able to realize a far higher signal conversion performance at a fraction of the computational cost. In addition to this, a modulator is derived that is able to generate bitstreams that are optimized for SA-CD usage, i.e. a high signal conversion quality combined with minimal signal entropy. All the look-ahead algorithms presented in this book are described in pseudocode and ample simulation results are provided to judge the effects on the signal conversion performance.
|
| 650 |
|
0 |
|a Engineering.
|
| 650 |
|
0 |
|a Computer organization.
|
| 650 |
|
0 |
|a Electronic circuits.
|
| 650 |
1 |
4 |
|a Engineering.
|
| 650 |
2 |
4 |
|a Circuits and Systems.
|
| 650 |
2 |
4 |
|a Computer Systems Organization and Communication Networks.
|
| 700 |
1 |
|
|a van Roermund, Arthur.
|e author.
|
| 710 |
2 |
|
|a SpringerLink (Online service)
|
| 773 |
0 |
|
|t Springer eBooks
|
| 776 |
0 |
8 |
|i Printed edition:
|z 9789400713864
|
| 830 |
|
0 |
|a Analog Circuits and Signal Processing
|
| 856 |
4 |
0 |
|u http://dx.doi.org/10.1007/978-94-007-1387-1
|z Full Text via HEAL-Link
|
| 912 |
|
|
|a ZDB-2-ENG
|
| 950 |
|
|
|a Engineering (Springer-11647)
|